Biblioteca "Ernesto Sabato"
Facultad de Derecho y Ciencias Sociales
Facultad de Lenguas
Universidad Nacional del Comahue

Trabajo y empresa (Record no. 36546)

MARC details
000 -CABECERA
campo de control de longitud fija 00578nam a22002297a 4500
003 - IDENTIFICADOR DEL NÚMERO DE CONTROL
campo de control OSt
005 - FECHA Y HORA DE LA ÚLTIMA TRANSACCIÓN
campo de control 20251009110833.0
008 - DATOS DE LONGITUD FIJA--INFORMACIÓN GENERAL
campo de control de longitud fija 251009b ||||| |||| 00| 0 spa d
020 ## - ISBN
Número Internacional Estándar del Libro 980-317-155-0
040 ## - FUENTE DE LA CATALOGACIÓN
Centro/agencia transcriptor Biblioteca Ernesto Sábato
092 ## - SIGNATURA TOPOGRÁFICA
Número de clasificación 338.7
Libristica M778
Sector BMB
100 ## - Autor Personal
Código de función/relación Montero, Cecilia
245 ## - MENCIÓN DE TÍTULO
Título Trabajo y empresa
Resto del título : entre dos siglos
250 ## - MENCIÓN DE EDICIÓN
Mención de edición 1a. ed.
260 ## - PUBLICACIÓN, DISTRIBUCIÓN, ETC. (PIE DE IMPRENTA)
Lugar de publicación, distribución, etc. Caracas
Nombre del editor, distribuidor, etc. Nueva Sociedad
Fecha de publicación, distribución, etc. 1999
300 ## - DESCRIPCIÓN FÍSICA
Paginas 235 p.
650 ## - Descriptores Tematicos
Término de materia o nombre geográfico como elemento inicial TRABAJO
650 ## - Descriptores Tematicos
Término de materia o nombre geográfico como elemento inicial EMPRESA
700 ## - Coautores y traductores
Nombre de persona Mario Alburquerque
700 ## - Coautores y traductores
Nombre de persona Jaime Ensignia
942 ## - ELEMENTOS DE PUNTO DE ACCESO ADICIONAL (KOHA)
Fuente del sistema de clasificación o colocación Dewey Decimal Classification
Tipo de ítem Koha BMB
Holdings
Estado de retiro Estado de pérdida Fuente del sistema de clasificación o colocación Estado dañado No para préstamo Localización permanente Ubicación/localización actual Fecha de adquisición Número de inventario Total de préstamos Signatura topográfica completa Código de barras Fecha visto por última vez Precio válido a partir de Tipo de ítem Koha
    Dewey Decimal Classification     Biblioteca Ernesto Sabato - FADECS - UNCOMA Biblioteca Ernesto Sabato - FADECS - UNCOMA 09/10/2025 26947   338.7 M778 26947 09/10/2025 09/10/2025 BMB
Facultad de Derecho y Ciencias Sociales | Universidad Nacional del Comahue | Mendoza y Perú General Roca | Río Negro CP (8332) | Patagonia Argentina | Teléfono: 54-0298-4433670 | | Fax: 0298-4432093 | Fax alumnos: 0298-4435700